Engineering graphics with AUTO CAD for degree / (Record no. 2976)

000 -LEADER
fixed length control field 00752nam a2200277 a 4500
007 - PHYSICAL DESCRIPTION FIXED FIELD--GENERAL INFORMATION
fixed length control field ta
008 - FIXED-LENGTH DATA ELEMENTS--GENERAL INFORMATION
fixed length control field 241120s2015 ii a|||g |||| 001 0 eng d
020 ## - INTERNATIONAL STANDARD BOOK NUMBER
Terms of availability Rs. 340.00
040 ## - CATALOGING SOURCE
Original cataloging agency IMU Kochi Library
Language of cataloging eng
041 0# - LANGUAGE CODE
Language code of text/sound track or separate title eng
044 ## - COUNTRY OF PUBLISHING/PRODUCING ENTITY CODE
MARC country code India
082 04 - DEWEY DECIMAL CLASSIFICATION NUMBER
Edition number 23
Classification number 604.2
Item number V4267
100 1# - MAIN ENTRY--PERSONAL NAME
Personal name Varghese, P. I.
245 10 - TITLE STATEMENT
Title Engineering graphics with AUTO CAD for degree /
250 ## - EDITION STATEMENT
Edition statement 26th ed.
260 ## - PUBLICATION, DISTRIBUTION, ETC. (IMPRINT)
Place of publication, distribution, etc Thrissur :
Name of publisher, distributor, etc V. I. P. Publishers,
Date of publication, distribution, etc 2015
300 ## - PHYSICAL DESCRIPTION
Extent Various pagination :
Other physical details ill. ;
Dimensions 27.5 cm.
504 ## - BIBLIOGRAPHY, ETC. NOTE
Bibliography, etc Includes index.
650 #0 - SUBJECT ADDED ENTRY--TOPICAL TERM
Topical term or geographic name as entry element Engineering--Graphic methods
Form subdivision Textbooks
650 #0 - SUBJECT ADDED ENTRY--TOPICAL TERM
Topical term or geographic name as entry element Geometrical drawing
Form subdivision Textbooks
650 #0 - SUBJECT ADDED ENTRY--TOPICAL TERM
Topical term or geographic name as entry element Projection
650 #0 - SUBJECT ADDED ENTRY--TOPICAL TERM
Topical term or geographic name as entry element Computer-aided design
852 ## - LOCATION/CALL NUMBER
Location IMU Kochi Library
904 ## - LOCAL DATA ELEMENT D, LDD (RLIN)
CATALOGER Akhil Bose
942 ## - ADDED ENTRY ELEMENTS (KOHA)
Item type Books
Holdings
Withdrawn status Lost status Source of classification or shelving scheme Damaged status Not for loan Collection code Permanent location Current location Shelving location Date acquired Source of acquisition Cost, normal purchase price Full call number Barcode Date last seen Koha item type Public note
          Engineering IMU Kochi Library IMU Kochi Library General Stacks 2024-11-20 Books received from the Stores 340.00 604.2 V4267 G0269 2024-11-20 Gratis Books Gen. Shelf-11, Row-1
          Engineering IMU Kochi Library IMU Kochi Library General Stacks 2024-11-20 Books received from the Stores 340.00 604.2 V4267 G0270 2024-11-20 Gratis Books Gen. Shelf-11, Row-1
          Engineering IMU Kochi Library IMU Kochi Library General Stacks 2024-11-20 Books received from the Stores 340.00 604.2 V4267 G0271 2024-11-20 Gratis Books Gen. Shelf-11, Row-1
          Engineering IMU Kochi Library IMU Kochi Library General Stacks 2024-11-20 Books received from the Stores 340.00 604.2 V4267 G0272 2024-11-20 Gratis Books Gen. Shelf-11, Row-1
          Engineering IMU Kochi Library IMU Kochi Library General Stacks 2024-11-20 Books received from the Stores 340.00 604.2 V4267 G0273 2024-11-20 Gratis Books Gen. Shelf-11, Row-1
          Engineering IMU Kochi Library IMU Kochi Library General Stacks 2024-11-20 Books received from the Stores 340.00 604.2 V4267 G0274 2024-11-20 Gratis Books Gen. Shelf-11, Row-1


Copyright © All Rights Reserved by Indian Maritime University, Kochi Campus.
For any Suggestions/Query Contact to library or Email: library.kochi@imu.ac.in Ph:(0484)-2989402
(Web OPAC Designed by Rudra Ranjan. Maintained by IMU Kochi Library)

Powered by Koha